Transparency masters to acompany management
Saved in:
| Main Author: | |
|---|---|
| Other Authors: | |
| Format: | Book |
| Language: | English |
| Published: |
New York :
McGraw-Hill,
1994
|
| Edition: | 2nd ed. |
| Subjects: | |
| Tags: |
Add Tag
No Tags, Be the first to tag this record!
|
MARC
| LEADER | 00000nam a2200000 i 4500 | ||
|---|---|---|---|
| 001 | 1/59612 | ||
| 008 | 980601s1994 eng d | ||
| 020 | |a 0070746427 | ||
| 035 | |l 10028570 | ||
| 040 | |a GR-MY-UA |b gre |e aacr | ||
| 041 | 0 | |a eng | |
| 082 | 0 | |a 658 | |
| 100 | 1 | |a Bartol, Kathryn M. | |
| 245 | 1 | 0 | |a Transparency masters to acompany management / |c Kathryn M. Bartol, David C. Martin |
| 250 | |a 2nd ed. | ||
| 260 | |a New York : |b McGraw-Hill, |c 1994 | ||
| 650 | 0 | 0 | |a Management. |
| 700 | 1 | |a Martin, David Clarke. | |
| 852 | |a INST |b CHIOS |e 19980601 |h 658 BAR |p 005200017471 |q 005200017471 |t BK |y 0 | ||
| 901 | |a BIBL-1998-2 | ||
| 909 | |a Χ |b 056117 | ||
| 922 | |a 2ΕΛΗ |b 199804 |c ΤΔΕ |d ΠΑΠΑΣΩΤΗΡΙΟΥ | ||